000 00508nam a2200169Ia 4500
999 _c29557
_d29557
003 OSt
005 20210108150007.0
008 190216s9999||||xx |||||||||||||| ||und||
040 _coclc
082 _a894.812301
_bNEW/P
100 _aNewyork, Madhunair
_96424
245 0 _aParudeesayile Spandanangal /
_cMadhunair Newyork
260 _bIndia Book Distibutors,
_aTrivandrum:
_c2007.
300 _a246p
650 _aKathakal
942 _cBK
_2ddc
_h894.812301
_iNEW/P
_k894.812301
_mNEW/P